000 00911nam a22002897a 4500
003 CHAP
005 20220329135747.0
008 971013s1952 r 00010 d
010 _a41645
011 _a42617
035 _a46746
040 _cCHAP
082 _a581.3325
_bE73p
100 0 0 _aErdtman, Gunnar.
_937287
245 _aPollen morphology and plant taxonomy ; angiosperms (An introduction to palynology I)
260 _aWaltham :
_bChronica Botanica,
_c1952
300 _a539 p.
_b: ilus.
590 _aBATCH-UPD
_b10
_c20130110
_lUCH01
_h1115
590 _aBATCH-UPD
_b10
_c20130410
_lUCH01
_h0706
590 _aBATCH-UPD
_b10
_c20130914
_lUCH01
_h0732
590 _aCONVERSION
_b10
_c20130109
_lUCH01
_h1323
650 1 4 _aBotánica
_xClasificación.
_914516
650 1 4 _aPolen.
_990208
901 _aBK
942 _cLIBRO
949 _a581.3325 E73p
_bBC
_cLIBRO
_d33724000539250
_eLIBRO
_h9414
_i46746
_si
999 _c41645
_d41645